Η καθημερινή ζωή στη Γαλλία τον καιρό της επανάστασης, 1789-1795

Αποθηκεύτηκε σε:
Λεπτομέρειες βιβλιογραφικής εγγραφής
Κύριος συγγραφέας: Bertaud, Jean-Paul
Μορφή: Βιβλίο
Γλώσσα:Greek
French
Δημοσίευση: Αθήνα : Δημ. Ν. Παπαδήμας, 1989.
Σειρά:Λαοί και πολιτισμοί
Θέματα:
Ετικέτες: Προσθήκη ετικέτας
Δεν υπάρχουν, Καταχωρήστε ετικέτα πρώτοι!

MARC

LEADER 00000cam a2200000 i 4500
001 1/68493
008 931201s1989 gr | ||| |||| ||gre||
020 |a 9602060786 
035 |a ΛΕΣΒΟΣb10002080  |l 10002080 
040 |a GR-MyUA  |b gre  |e AACR2 
041 1 |a gre  |h fre 
082 7 |a 944.04   |2 (22) 
100 1 |a Bertaud, Jean-Paul. 
245 1 2 |a Η καθημερινή ζωή στη Γαλλία τον καιρό της επανάστασης, 1789-1795 /   |c Jean-Paul Bertaud ; μετάφραση Σταυρούλα Αλεξανδράτου, Δέσποινα Αγγελοπούλου.  
260 |a Αθήνα :   |b Δημ. Ν. Παπαδήμας,   |c 1989.  
300 |a 335 σ. :   |b εικ. ;   |c 22 εκ.  
490 1 |a (Λαοί και πολιτισμοί) 
500 |a Τίτλος πρωτοτύπου: La vie quotidienne en France au temps de la revolution (1789-1795).  
504 |a Περιέχει βιβλιογραφικές αναφορές.  
651 0 |a France  |x Social life and customs  |y 1789-1815. 
830 0 |a Λαοί και πολιτισμοί 
852 |a INST  |b LESVOS  |e 19931201  |h 944.04 BER  |p 005100005501  |q 005100005501  |t BK  |y 0 
852 |a INST  |b SAMOS  |e 20041012  |h 944.04 BER  |p 005300023031  |q 005300023031  |t BK  |y 0 
901 |a BIBL3-2004-3